DC Comics' 52 New Titles Quiz Stats

Quiz Updated Feb 16, 2016

Also try: Marvel or DC
Challenge
Share
Tweet
Embed
Score 0/52 Timer 10:00
2 Plays Today
Writer Title % Correct
Scott SnyderBatman
98.3%
George PerezSuperman
95.5%
Geoff JohnsGreen Lantern
89.1%
Brian AzzarelloWonder Woman
86.2%
Francis Manapul
Brian Buccellato
The Flash
81.8%
Geoff JohnsJustice League
79.3%
Geoff JohnsAquaman
76.8%
JT KrulGreen Arrow
67.1%
Scott LobdellTeen Titans
65.5%
Gail SimoneBatgirl
64.8%
Kyle HigginsNightwing
63%
Michael Green
Mike Johnson
Supergirl
62.1%
Grant MorrisonAction Comics
60.7%
Tony DanielDetective Comics
60%
Peter J TomasiBatman and Robin
58.8%
Scott LobdellSuperboy
55.2%
Peter J TomasiGreen Lantern Corps
52.7%
Judd WinickCatwoman
52.5%
JH Williams III
Haden Blackman
Batwoman
50.4%
David FinchBatman: The Dark Knight
47.7%
Peter MilliganJustice League Dark
47%
Scott SnyderSwamp Thing
46.8%
Jeff LemireAnimal Man
44%
Adam GlassSuicide Squad
41.9%
Judd WinickBatwing
41.5%
Dan JurgensJustice League International
40.8%
Writer Title % Correct
Duane SwierczynskiBirds of Prey
40.6%
Peter MilliganRed Lanterns
40.3%
Scott LobdellRed Hood and the Outlaws
39.6%
Tony BedardBlue Beetle
37.8%
Kyle HigginsDeathstroke
34.8%
Tony BedardGreen Lantern: The New Guardians
33.9%
Sterling GatesHawk and Dove
33.5%
Justin Gray
Jimmy Palmiotti
All-Star Western
32.7%
Paul LevitzLegion of Superheroes
30.7%
Dan DiDioOMAC
30%
Paul CornellStormwatch
30%
Tony DanielThe Savage Hawkman
28.5%
Josh FialkovI, Vampire
28%
JT KrulCaptain Atom
27.9%
Jeff LemireFrankenstein, Agent of SHADE
27.7%
Nathan EdmonsonGrifter
27.1%
John Rozum
Scott McDaniel
Static Shock
26.8%
Fabian NiciezaLegion Lost
26.1%
Ethan Van Sciver
Gail Simone
The Fury of Firestorm
25.8%
Eric WallaceMister Terrific
25.6%
Paul CornellDemon Knights
25.3%
Ron MarzVoodoo
25%
Ivan BrandonMen of War
22.1%
Mike CostaBlackhawks
21.7%
Dan Abnett
Andy Lanning
Resurrection Man
21.4%
Paul JenkinsDC Universe Presents
20.2%

You're not logged in!

Compare scores with friends on all Sporcle quizzes.
Join for Free
OR
Log In

You Might Also Like...

Show Comments

Extras

Top Quizzes Today


Score Distribution

Your Account Isn't Verified!

In order to create a playlist on Sporcle, you need to verify the email address you used during registration. Go to your Sporcle Settings to finish the process.

Report this User

Report this user for behavior that violates our Community Guidelines.

Details: